| 000 | 00337nam a2200145 a 4500 | ||
|---|---|---|---|
| 001 | 3326 | ||
| 003 | CDMR | ||
| 005 | 20130802125333.0 | ||
| 008 | 130130s ||||||||||||||||||||||||||||d | ||
| 040 |
_aCDMR _bcat _cCPC LLEIDA |
||
| 100 | 1 |
_aMirabent, Toni _92404 |
|
| 245 | 1 | 0 |
_aRecreacions _cMIRABENT, Toni |
| 260 | _bAlfadir | ||
| 942 |
_cMON _2udc |
||
| 999 |
_c3326 _d3326 |
||